[Event "Tatry op"]
[Site "Tatranske Zruby"]
[Date "2010.10.09"]
[Round "9"]
[White "Dobes, Oldrich"]
[Black "Jablonicky, Frantisek"]
[Result "0-1"]
[WhiteElo "2008"]
[BlackElo "2150"]
[PlyCount "80"]
[EventDate "2010.10.02"]
[EventType "swiss"]
[EventRounds "9"]
[EventCountry "SVK"]
[SourceTitle "CBM 138 Extra"]
[Source "ChessBase"]
[SourceDate "2010.10.29"]
[SourceVersion "1"]
[SourceVersionDate "2010.10.29"]
[SourceQuality "1"]

1. Nf3 f5 2. d4 Nf6 3. g3 g6 4. Bg2 Bg7 5. 0-0 0-0 6. c3 Qe8 7. Nbd2 Nc6 8. Re1 d5 9. Nb3 Nd8 10. Nc5 c6 11. a4 Nf7 12. Nd3 Ne4 13. Bf4 g5 14. Be5 Nxe5 15. Nfxe5 f4 16. f3 Nd6 17. e3 fxg3 18. hxg3 Nf7 19. e4 Nxe5 20. Nxe5 Bxe5 21. dxe5 dxe4 22. Rxe4 Be6 23. Qd2 Qg6 24. a5 c5 25. c4 Rad8 26. Qc3 Bf5 27. Re3 Rd7 28. Rae1 Rfd8 29. Bf1 Bd3 30. e6 Rd6 31. Qe5 Bxf1 32. Rxf1 b6 33. f4 g4 34. axb6 axb6 35. Rfe1 Qg7 36. Qh5 Rd3 37. Qh2 Rd2 38. Qh4 Rxb2 39. Re5 h6 40. f5 Qxe5 0-1

[Event "Tatry op"]
[Site "Tatranske Zruby"]
[Date "2010.10.06"]
[Round "6"]
[White "Dobes, Oldrich"]
[Black "Jelen, Peter"]
[Result "1-0"]
[WhiteElo "2008"]
[BlackElo "2172"]
[PlyCount "75"]
[EventDate "2010.10.02"]
[EventType "swiss"]
[EventRounds "9"]
[EventCountry "SVK"]
[SourceTitle "CBM 138 Extra"]
[Source "ChessBase"]
[SourceDate "2010.10.29"]
[SourceVersion "1"]
[SourceVersionDate "2010.10.29"]
[SourceQuality "1"]

1. Nf3 Nf6 2. d4 g6 3. g3 Bg7 4. Bg2 0-0 5. 0-0 d6 6. Nbd2 Nc6 7. c3 e5 8. dxe5 dxe5 9. Qc2 Qe7 10. e4 b6 11. Re1 Bb7 12. h3 Rad8 13. Kh2 Nb8 14. a4 c5 15. Bf1 Ne8 16. a5 Bc6 17. axb6 axb6 18. Nc4 f5 19. Bg5 Bf6 20. Bxf6 Rxf6 21. Nfxe5 Bxe4 22. Qb3 Re6 23. f4 Bd5 24. Red1 Nf6 25. Qc2 Re8 26. Ne3 Be4 27. Qb3 Kg7 28. Bc4 Rxe5 29. fxe5 Qxe5 30. Ra7+ Kh6 31. Nf1 Bf3 32. Rd2 Ne4 33. Rd5 Qf6 34. Qc2 Nd6 35. Qd2+ f4 36. Rxd6 Qg5 37. Qxf4 Re2+ 38. Bxe2 1-0

[Event "Tatry op"]
[Site "Tatranske Zruby"]
[Date "2010.10.03"]
[Round "2"]
[White "Dobes, Oldrich"]
[Black "Szaraz, Vojtech"]
[Result "1-0"]
[WhiteElo "2008"]
[BlackElo "1961"]
[PlyCount "67"]
[EventDate "2010.10.02"]
[EventType "swiss"]
[EventRounds "9"]
[EventCountry "SVK"]
[SourceTitle "CBM 138 Extra"]
[Source "ChessBase"]
[SourceDate "2010.10.29"]
[SourceVersion "1"]
[SourceVersionDate "2010.10.29"]
[SourceQuality "1"]

1. Nf3 Nf6 2. d4 d5 3. g3 g6 4. Bg2 Bg7 5. 0-0 0-0 6. Nbd2 c6 7. Re1 Nbd7 8. e4 dxe4 9. Nxe4 Nxe4 10. Rxe4 Nf6 11. Re1 Bg4 12. c3 e6 13. Qb3 Bxf3 14. Bxf3 Qb6 15. Bf4 Rfd8 16. Qxb6 axb6 17. Bc7 Rd7 18. Bxb6 Nd5 19. Bxd5 Rxd5 20. a4 Bh6 21. a5 Rb5 22. Rab1 Rb3 23. Re2 Bf8 24. Kf1 h5 25. Ke1 Bd6 26. Kd2 h4 27. Re4 hxg3 28. hxg3 Kg7 29. Rh4 Rh8 30. Rxh8 Kxh8 31. Bc5 Bxc5 32. dxc5 Kg7 33. Kc2 Rb5 34. b4 1-0

[Event "CZE-chT2E 0910"]
[Site "Czech Republic"]
[Date "2010.01.17"]
[Round "5.7"]
[White "Dobes, Oldrich"]
[Black "Stuchly, Radim"]
[Result "1/2-1/2"]
[WhiteElo "1990"]
[BlackElo "2030"]
[PlyCount "106"]
[EventDate "2009.10.18"]
[EventType "team-tourn"]
[EventRounds "11"]
[EventCountry "CZE"]
[SourceTitle "EXT 2012"]
[Source "ChessBase"]
[SourceDate "2011.11.24"]
[SourceVersion "1"]
[SourceVersionDate "2011.11.24"]
[SourceQuality "1"]
[WhiteTeam "Znojmo"]
[BlackTeam "Stare Mesto II"]
[WhiteTeamCountry "CZE"]
[BlackTeamCountry "CZE"]

1. Nf3 Nf6 2. g3 g6 3. Bg2 Bg7 4. 0-0 0-0 5. d4 d6 6. Re1 Nbd7 7. Nbd2 e5 8. e4 Qe7 9. c3 b6 10. dxe5 dxe5 11. Nc4 Bb7 12. Bg5 Qe6 13. Nfd2 h6 14. Bxf6 Nxf6 15. Ne3 Rfd8 16. Qc2 Rd7 17. b3 Rad8 18. Rad1 h5 19. Ndf1 Bh6 20. Rxd7 Rxd7 21. Rd1 c6 22. Rxd7 Qxd7 23. Nc4 Qc7 24. Nfd2 b5 25. Nb2 Qd6 26. Nf1 Bc8 27. c4 b4 28. Qd3 Bf8 29. Qxd6 Bxd6 30. Nd3 a5 31. Ne3 Be6 32. f3 Nd7 33. Kf2 Nc5 34. Ke2 Nxd3 35. Kxd3 Bc5 36. f4 f6 37. Bf3 Bxe3 38. Kxe3 c5 39. Be2 Kg7 40. Bd3 Bd7 41. fxe5 fxe5 42. h4 Kf6 43. Bc2 Ke7 44. Bd1 Kd6 45. Kd3 Kc7 46. Ke3 Be6 47. Kd3 Bh3 48. Bf3 Kb6 49. Bd1 Bd7 50. Bf3 a4 51. Bd1 Bh3 52. Bf3 Bf1+ 53. Be2 axb3 1/2-1/2

[Event "CZE-chT2D 0809"]
[Site "Czech Republic"]
[Date "2009.03.22"]
[Round "10.5"]
[White "Dobes, Oldrich"]
[Black "Trojan, Lubos"]
[Result "1-0"]
[WhiteElo "2036"]
[BlackElo "2084"]
[PlyCount "89"]
[EventDate "2008.10.12"]
[EventType "tourn"]
[EventRounds "11"]
[EventCountry "CZE"]
[SourceTitle "EXT 2010"]
[Source "ChessBase"]
[SourceDate "2010.11.25"]
[SourceVersion "1"]
[SourceVersionDate "2010.11.25"]
[SourceQuality "1"]

1. e4 e6 2. d4 d5 3. Nd2 Nf6 4. Bd3 c5 5. e5 Nfd7 6. c3 cxd4 7. cxd4 Nc6 8. Ne2 Qb6 9. Nf3 Be7 10. 0-0 0-0 11. Nf4 Re8 12. Bb1 Nf8 13. h4 f6 14. h5 Qc7 15. Nd3 b6 16. h6 g6 17. exf6 Bxf6 18. Bf4 Qe7 19. Nde5 Nd8 20. Re1 Bd7 21. Ng4 Nf7 22. Qd2 Rac8 23. Bd3 a5 24. Ba6 Ra8 25. Bb7 Ra7 26. Bxd5 Bh8 27. a3 Qd8 28. Ba2 Bc6 29. Nfe5 Bd5 30. Nxf7 Rxf7 31. Bxd5 Qxd5 32. Be5 Nd7 33. Bxh8 Kxh8 34. Ne5 Rf5 35. Qc3 Nxe5 36. Rxe5 Qd7 37. Rae1 Rxe5 38. Rxe5 Kg8 39. d5 Re7 40. dxe6 Qd8 41. Re1 Qf8 42. Qe3 Qb8 43. g3 Kf8 44. Rd1 Qc7 45. Qf3+ 1-0

[Event "CZE-chT2D 0809"]
[Site "Czech Republic"]
[Date "2009.02.22"]
[Round "9.5"]
[White "Dobes, Oldrich"]
[Black "Kosek, Jiri"]
[Result "0-1"]
[WhiteElo "2036"]
[BlackElo "2083"]
[PlyCount "72"]
[EventDate "2008.10.12"]
[EventType "tourn"]
[EventRounds "11"]
[EventCountry "CZE"]
[SourceTitle "EXT 2010"]
[Source "ChessBase"]
[SourceDate "2010.11.25"]
[SourceVersion "1"]
[SourceVersionDate "2010.11.25"]
[SourceQuality "1"]

1. Nf3 d5 2. g3 Nf6 3. Bg2 g6 4. 0-0 Bg7 5. d3 0-0 6. c3 c5 7. Nbd2 Nc6 8. Qc2 e5 9. e4 b6 10. Re1 d4 11. Nc4 Re8 12. a4 Ba6 13. Bf1 Qd7 14. Na3 Rad8 15. c4 Bb7 16. Bd2 a5 17. Bg2 Nh5 18. Nh4 Bf6 19. Nf3 Bg7 20. Nh4 Rf8 21. Qd1 Bf6 22. Nf3 Rde8 23. Bh6 Bg7 24. Qd2 f5 25. Bxg7 Kxg7 26. exf5 Qxf5 27. Nh4 Qf6 28. Be4 Re7 29. Rf1 Nb4 30. Bxb7 Rxb7 31. Ng2 Re7 32. f3 g5 33. Nc2 Nc6 34. Qe2 Qg6 35. Qe4 Ref7 36. Rf2 Qxe4 0-1

[Event "SVK-ch op-B"]
[Site "Banska Stiavnica"]
[Date "2007.07.14"]
[Round "8.10"]
[White "Sosovicka, Matej"]
[Black "Dobes, Oldrich"]
[Result "1/2-1/2"]
[WhiteElo "1893"]
[BlackElo "2050"]
[PlyCount "24"]
[EventDate "2007.07.07"]
[EventType "swiss"]
[EventRounds "9"]
[EventCountry "SVK"]
[SourceTitle "EXT 2010"]
[Source "ChessBase"]
[SourceDate "2010.11.25"]
[SourceVersion "1"]
[SourceVersionDate "2010.11.25"]
[SourceQuality "1"]

1. e4 c5 2. Nf3 Nc6 3. d4 cxd4 4. Nxd4 Nf6 5. Nc3 d6 6. Bg5 e5 7. Ndb5 a6 8. Na3 b5 9. Nd5 Qa5+ 10. Bd2 Qd8 11. Bg5 Qa5+ 12. Bd2 Qd8 1/2-1/2

[Event "Znojmo op2"]
[Site "Znojmo"]
[Date "2007.??.??"]
[Round "8"]
[White "Dobes, Oldrich"]
[Black "Jadud, Oto"]
[Result "1-0"]
[WhiteElo "2005"]
[BlackElo "1970"]
[PlyCount "95"]
[EventDate "2007.04.??"]
[EventType "swiss"]
[EventRounds "9"]
[EventCountry "CZE"]
[SourceTitle "EXT 2010"]
[Source "ChessBase"]
[SourceDate "2010.11.25"]
[SourceVersion "1"]
[SourceVersionDate "2010.11.25"]
[SourceQuality "1"]

1. e4 c5 2. Nf3 d6 3. d4 cxd4 4. Nxd4 Nf6 5. Nc3 e5 6. Nf3 Be7 7. Be2 0-0 8. 0-0 a6 9. a4 Nc6 10. Bg5 Bg4 11. Bxf6 Bxf6 12. Nd5 Bxf3 13. Bxf3 Bg5 14. c3 Ne7 15. Be2 Nxd5 16. Qxd5 Qb6 17. b4 Rad8 18. a5 Qa7 19. g3 Kh8 20. Kg2 f5 21. exf5 Rxf5 22. Bd3 Rf6 23. Qe4 g6 24. Ra2 Qb8 25. Re2 Bh6 26. h4 Bg7 27. c4 b5 28. Rb1 Rd7 29. Qd5 Qb7 30. Qxb7 Rxb7 31. cxb5 axb5 32. Be4 Rc7 33. Bd5 Rf8 34. Ra2 Rfc8 35. a6 Ra7 36. Bb7 Rc7 37. Ra5 Rc2 38. Rxb5 Rd2 39. Rc1 h5 40. Rc8+ Kh7 41. Ra8 Rxa8 42. Bxa8 e4 43. Bxe4 Bd4 44. Rb7+ Kh6 45. Rf7 Rb2 46. a7 Bxa7 47. Rxa7 Rxb4 48. Kf3 1-0

[Event "Znojmo op"]
[Site "Znojmo"]
[Date "2006.05.19"]
[Round "7.12"]
[White "Horyna, Josef"]
[Black "Dobes, Oldrich"]
[Result "1/2-1/2"]
[WhiteElo "1944"]
[BlackElo "2076"]
[PlyCount "20"]
[EventDate "2006.05.14"]
[EventType "swiss"]
[EventRounds "9"]
[EventCountry "CZE"]
[SourceTitle "CBM 112 Extra"]
[Source "ChessBase"]
[SourceDate "2006.07.14"]
[SourceVersion "1"]
[SourceVersionDate "2006.07.14"]
[SourceQuality "1"]

1. d4 Nf6 2. Nf3 d6 3. c4 g6 4. Nc3 Bg7 5. g3 0-0 6. Bg2 c6 7. 0-0 Nbd7 8. e4 e5 9. dxe5 dxe5 10. h3 Qc7 1/2-1/2

[Event "Znojmo op"]
[Site "Znojmo"]
[Date "2006.05.16"]
[Round "3.5"]
[White "Golcman, Evgeny"]
[Black "Dobes, Oldrich"]
[Result "1/2-1/2"]
[WhiteElo "2317"]
[BlackElo "2076"]
[PlyCount "102"]
[EventDate "2006.05.14"]
[EventType "swiss"]
[EventRounds "9"]
[EventCountry "CZE"]
[SourceTitle "CBM 112 Extra"]
[Source "ChessBase"]
[SourceDate "2006.07.14"]
[SourceVersion "1"]
[SourceVersionDate "2006.07.14"]
[SourceQuality "1"]

1. c4 Nf6 2. Nc3 g6 3. e4 d6 4. d4 Bg7 5. f3 0-0 6. Be3 Nbd7 7. Qd2 Re8 8. Nge2 c6 9. Nc1 Qc7 10. Be2 e5 11. Nb3 a6 12. Rc1 Nf8 13. 0-0 Nh5 14. Rfd1 f5 15. Bh6 Nf6 16. Bxg7 Kxg7 17. exf5 Bxf5 18. Bf1 Rad8 19. Qf2 Bc8 20. Re1 exd4 21. Nxd4 Ne6 22. Rcd1 Nf4 23. Kh1 c5 24. Nc2 Rxe1 25. Rxe1 d5 26. cxd5 N6xd5 27. Ne4 b6 28. b4 Bf5 29. bxc5 bxc5 30. Na3 Ne6 31. Qb2+ Nd4 32. Nc2 Bxe4 33. Rxe4 Nf6 34. Nxd4 cxd4 35. Rxd4 Rb8 36. Rb4 Rxb4 37. Qxb4 a5 38. Qd2 Qc5 39. g4 Qd5 40. Qxd5 Nxd5 41. Kg2 g5 42. h4 h6 43. hxg5 hxg5 44. Kf2 Kf6 45. Bc4 Nf4 46. Ke3 Ke5 47. a4 Ng2+ 48. Kd3 Nh4 49. Ke3 Ng2+ 50. Kd3 Nh4 51. Ke3 Ng2+ 1/2-1/2

[Event "Znojmo op"]
[Site "Znojmo"]
[Date "2006.05.15"]
[Round "2.8"]
[White "Dobes, Oldrich"]
[Black "Bartos, Jan"]
[Result "1-0"]
[WhiteElo "2076"]
[BlackElo "2196"]
[PlyCount "73"]
[EventDate "2006.05.14"]
[EventType "swiss"]
[EventRounds "9"]
[EventCountry "CZE"]
[SourceTitle "CBM 112 Extra"]
[Source "ChessBase"]
[SourceDate "2006.07.14"]
[SourceVersion "1"]
[SourceVersionDate "2006.07.14"]
[SourceQuality "1"]

1. e4 e5 2. Nf3 Nf6 3. Nxe5 d6 4. Nf3 Nxe4 5. d4 d5 6. Bd3 Bd6 7. 0-0 0-0 8. c4 c6 9. Nc3 Nxc3 10. bxc3 dxc4 11. Bxc4 Bg4 12. h3 Bh5 13. Rb1 b5 14. Be2 Nd7 15. d5 Bg6 16. dxc6 Bxb1 17. Qxd6 Nb6 18. Qxd8 Rfxd8 19. Bg5 Re8 20. Bxb5 Bxa2 21. c7 Re6 22. Rd1 Bd5 23. Bf4 Re4 24. Bc6 Rae8 25. Bg3 f6 26. Bxd5+ Nxd5 27. Rxd5 Rc4 28. Ra5 Ra8 29. Rb5 Re8 30. Rb8 Kf7 31. Rb7 Rc8 32. Rxa7 Rxc3 33. Nd4 Rd3 34. Nb5 Ke6 35. Rb7 Rd1+ 36. Kh2 Rc1 37. Nd4+ 1-0

[Event "Prague Visus op"]
[Site "Prague"]
[Date "2005.07.08"]
[Round "7"]
[White "Dobes, Oldrich"]
[Black "Zalsky, Petr"]
[Result "1-0"]
[WhiteElo "2099"]
[BlackElo "1976"]
[PlyCount "51"]
[EventDate "2005.07.02"]
[EventType "swiss"]
[EventRounds "9"]
[EventCountry "CZE"]
[SourceTitle "CBM 107 Extra"]
[Source "ChessBase"]
[SourceDate "2005.09.01"]
[SourceVersion "1"]
[SourceVersionDate "2005.09.01"]
[SourceQuality "1"]

1. e4 e6 2. d4 d5 3. Nd2 Nf6 4. e5 Nfd7 5. Bd3 c5 6. c3 Nc6 7. Ne2 Be7 8. 0-0 Qb6 9. Nf3 c4 10. Bb1 f5 11. exf6 Nxf6 12. Ng3 Bd6 13. Re1 0-0 14. Qc2 Bxg3 15. hxg3 Ne7 16. Ng5 h6 17. Nh7 Rf7 18. Nxf6+ Rxf6 19. Bf4 Rf5 20. Be5 Kf7 21. g4 Rg5 22. Qe2 Bd7 23. f4 Rxe5 24. fxe5 Rf8 25. Rf1+ Kg8 26. Bh7+ 1-0

[Event "Prague Visus op"]
[Site "Prague"]
[Date "2005.07.05"]
[Round "4"]
[White "Dobes, Oldrich"]
[Black "Listopad, Martin"]
[Result "1/2-1/2"]
[WhiteElo "2099"]
[BlackElo "1979"]
[PlyCount "27"]
[EventDate "2005.07.02"]
[EventType "swiss"]
[EventRounds "9"]
[EventCountry "CZE"]
[SourceTitle "CBM 107 Extra"]
[Source "ChessBase"]
[SourceDate "2005.09.01"]
[SourceVersion "1"]
[SourceVersionDate "2005.09.01"]
[SourceQuality "1"]

1. e4 e5 2. Nf3 d6 3. d4 exd4 4. Nxd4 Nf6 5. Nc3 g6 6. Be2 Bg7 7. Be3 0-0 8. 0-0 Nc6 9. Nb3 Bd7 10. f4 b5 11. a3 a5 12. Bf3 b4 13. Nd5 a4 14. Nd4 1/2-1/2

[Event "Znojmo op"]
[Site "Znojmo"]
[Date "2005.05.21"]
[Round "8"]
[White "Adam, Petr"]
[Black "Dobes, Oldrich"]
[Result "1/2-1/2"]
[WhiteElo "2129"]
[BlackElo "2079"]
[PlyCount "26"]
[EventDate "2005.05.15"]
[EventType "swiss"]
[EventRounds "9"]
[EventCountry "CZE"]
[SourceTitle "CBM 106 Extra"]
[Source "ChessBase"]
[SourceDate "2005.07.01"]
[SourceVersion "1"]
[SourceVersionDate "2005.07.01"]
[SourceQuality "1"]

1. d4 Nf6 2. Bg5 Ne4 3. Bf4 d5 4. e3 Bf5 5. Bd3 e6 6. c3 Bd6 7. Nf3 c6 8. Qb3 Bxf4 9. exf4 Qc7 10. 0-0 0-0 11. Bxe4 Bxe4 12. Nbd2 Bxf3 13. Nxf3 Nd7 1/2-1/2

[Event "Znojmo op"]
[Site "Znojmo"]
[Date "2005.05.16"]
[Round "2"]
[White "Mlynek, Petr"]
[Black "Dobes, Oldrich"]
[Result "1/2-1/2"]
[WhiteElo "2216"]
[BlackElo "2079"]
[PlyCount "65"]
[EventDate "2005.05.15"]
[EventType "swiss"]
[EventRounds "9"]
[EventCountry "CZE"]
[SourceTitle "CBM 106 Extra"]
[Source "ChessBase"]
[SourceDate "2005.07.01"]
[SourceVersion "1"]
[SourceVersionDate "2005.07.01"]
[SourceQuality "1"]

1. d4 Nf6 2. c4 e6 3. g3 Bb4+ 4. Bd2 Qe7 5. Bg2 Nc6 6. Nf3 0-0 7. 0-0 Bxd2 8. Nbxd2 d6 9. e4 e5 10. d5 Nb8 11. Ne1 a5 12. Nd3 Na6 13. f4 Nd7 14. a3 exf4 15. gxf4 Nac5 16. Nxc5 Nxc5 17. b4 axb4 18. axb4 Rxa1 19. Qxa1 Na6 20. Qc3 Re8 21. Nb3 b6 22. Kh1 Qf6 23. Qxf6 gxf6 24. b5 Nb4 25. f5 Nd3 26. Ra1 Bb7 27. Ra7 Rb8 28. Bf3 Kf8 29. Kg2 Ke7 30. Kg3 Kd7 31. Bh5 Ne5 32. Kf4 Ra8 33. Rxa8 1/2-1/2

[Event "CZE-chT2d 0405"]
[Site "Czech Republic"]
[Date "2005.??.??"]
[Round "8"]
[White "Dobes, Oldrich"]
[Black "Binder, Jaroslav"]
[Result "1-0"]
[WhiteElo "2065"]
[BlackElo "1985"]
[PlyCount "76"]
[EventDate "2004.10.??"]
[EventType "team-tourn"]
[EventRounds "11"]
[EventCountry "CZE"]
[SourceTitle "EXT 2007"]
[Source "ChessBase"]
[SourceDate "2006.11.23"]
[SourceVersion "1"]
[SourceVersionDate "2006.11.23"]
[SourceQuality "1"]

1. e4 e5 2. Nf3 Nc6 3. Bb5 a6 4. Ba4 d6 5. 0-0 f5 6. exf5 Bxf5 7. d4 exd4 8. Nxd4 Bd7 9. Re1+ Be7 10. Bxc6 bxc6 11. Qf3 Nf6 12. Nxc6 Bxc6 13. Qxc6+ Kf7 14. Nc3 Re8 15. Bg5 Rb8 16. Re2 Rb6 17. Qf3 h6 18. Bxf6 Bxf6 19. Rxe8 Qxe8 20. Nd5 Rxb2 21. Nxf6 gxf6 22. Qh5+ Kf8 23. Qxh6+ Kg8 24. Qxf6 Rxc2 25. Qg5+ Kh8 26. Qh4+ Kg8 27. Qg4+ Kh7 28. Qf5+ Qg6 29. Qd7+ Qg7 30. Qh3+ Qh6 31. Qf5+ Qg6 32. Qd7+ Qg7 33. Qh3+ Kg8 34. Re1 Re2 35. Qc8+ Kh7 36. Qf5+ Kh6 37. Qh3+ Kg5 38. Qg3+ Kf5 1-0

[Event "Pardubice op-E"]
[Site "Pardubice"]
[Date "2005.??.??"]
[Round "6"]
[White "Dobes, Oldrich"]
[Black "Macharacek, Simon"]
[Result "1-0"]
[WhiteElo "2099"]
[BlackElo "2223"]
[PlyCount "92"]
[EventDate "2005.07.??"]
[EventType "swiss"]
[EventRounds "7"]
[EventCountry "CZE"]
[SourceTitle "EXT 2006"]
[Source "ChessBase"]
[SourceDate "2005.11.24"]
[SourceVersion "1"]
[SourceVersionDate "2005.11.24"]
[SourceQuality "1"]

1. e4 e5 2. Nf3 Nc6 3. Bb5 a6 4. Ba4 Nf6 5. 0-0 Nxe4 6. d4 b5 7. Bb3 d5 8. dxe5 Be6 9. Nbd2 Nc5 10. c3 Be7 11. Bc2 Bg4 12. Qe1 0-0 13. h3 Bh5 14. Qe3 Ne6 15. Nb3 Bg6 16. Bxg6 hxg6 17. Rd1 Qd7 18. Qd3 Rad8 19. Be3 Nb8 20. Nfd4 Nxd4 21. cxd4 Rc8 22. Rac1 Rfe8 23. f4 f5 24. Bd2 Nc6 25. Rc2 Bf8 26. Rdc1 Re6 27. Kh2 Nd8 28. g4 Rc6 29. Kg3 Rc4 30. Na5 Rxc2 31. Rxc2 Kf7 32. Nb3 Nb7 33. Qe3 Ke6 34. Qg1 c6 35. Kf3 Qf7 36. Be3 Kd7 37. Qe1 Kc7 38. g5 Be7 39. Bd2 Kd7 40. Bb4 Rh8 41. Kg2 Ra8 42. Bxe7 Qxe7 43. e6+ Kc7 44. Qe5+ Kb6 45. Nc5 Nxc5 46. dxc5+ Kb7 1-0

[Event "CZE-chT2d 0405"]
[Site "Czech Republic"]
[Date "2005.??.??"]
[Round "9"]
[White "Miculka, Petr"]
[Black "Dobes, Oldrich"]
[Result "1/2-1/2"]
[WhiteElo "2093"]
[BlackElo "2025"]
[PlyCount "51"]
[EventDate "2004.10.??"]
[EventType "team-tourn"]
[EventRounds "11"]
[EventCountry "CZE"]
[SourceTitle "EXT 2007"]
[Source "ChessBase"]
[SourceDate "2006.11.23"]
[SourceVersion "1"]
[SourceVersionDate "2006.11.23"]
[SourceQuality "1"]

1. e4 c5 2. Nf3 d6 3. c3 d5 4. exd5 Qxd5 5. d4 Nf6 6. Nbd2 e6 7. Bc4 Qd8 8. 0-0 cxd4 9. Nxd4 Be7 10. N2f3 Qc7 11. Qe2 a6 12. Bg5 Nc6 13. Nxc6 Qxc6 14. Rfe1 b5 15. Ne5 Qc7 16. Bb3 0-0 17. Rad1 Rd8 18. Bf4 Rxd1 19. Rxd1 Qb6 20. Be3 Qc7 21. Bd4 Bb7 22. f3 Bd5 23. Re1 Bc5 24. Qf2 Bxd4 25. Qxd4 Rc8 26. Ng4 1/2-1/2

[Event "Znojmo Hostan op"]
[Site "Znojmo"]
[Date "2004.05.15"]
[Round "1"]
[White "Dobes, Oldrich"]
[Black "Meins, Gerlef"]
[Result "0-1"]
[WhiteElo "2025"]
[BlackElo "2456"]
[PlyCount "52"]
[EventDate "2004.05.15"]
[EventType "swiss"]
[EventRounds "9"]
[EventCountry "CZE"]
[SourceTitle "CBM 100 Extra"]
[Source "ChessBase"]
[SourceDate "2004.07.06"]
[SourceVersion "2"]
[SourceVersionDate "2004.07.06"]
[SourceQuality "1"]

1. e4 c5 2. Nf3 Nc6 3. d4 cxd4 4. Nxd4 Nf6 5. Nc3 d6 6. Be2 e5 7. Nb3 Be7 8. 0-0 0-0 9. Be3 Be6 10. Kh1 a5 11. a4 Nb4 12. f3 d5 13. exd5 Nfxd5 14. Nxd5 Nxd5 15. Bg1 Qc7 16. Bb5 Nb4 17. c3 Rfd8 18. Nd4 exd4 19. cxb4 Bxb4 20. Qd3 Qf4 21. g3 Qf6 22. Rad1 Bc5 23. Bc4 Bf5 24. Qb3 Bh3 25. Rfe1 b6 26. Bf2 d3 0-1

[Event "CZE-chT2d 0304"]
[Site "Czech Republic"]
[Date "2004.??.??"]
[Round "?"]
[White "Dobes, Oldrich"]
[Black "Pospisil, Dusan"]
[Result "1/2-1/2"]
[WhiteElo "2038"]
[BlackElo "2211"]
[PlyCount "132"]
[EventDate "2003.??.??"]
[EventType "team-tourn"]
[EventRounds "11"]
[EventCountry "CZE"]
[SourceTitle "EXT 2007"]
[Source "ChessBase"]
[SourceDate "2006.11.23"]
[SourceVersion "1"]
[SourceVersionDate "2006.11.23"]
[SourceQuality "1"]

1. e4 c6 2. d4 d5 3. Nd2 dxe4 4. Nxe4 Nd7 5. Bd3 Ngf6 6. c3 Nxe4 7. Bxe4 Nf6 8. Bf3 Bf5 9. Ne2 e6 10. 0-0 Bd6 11. Bf4 h5 12. Bxd6 Qxd6 13. Ng3 Bg6 14. Re1 h4 15. Nf1 0-0-0 16. Ne3 Bh5 17. Nc4 Qc7 18. Re5 Bxf3 19. Qxf3 h3 20. g3 Rd5 21. Rae1 Kb8 22. R5e2 Rf5 23. Qd3 Qd7 24. Re5 Rhh5 25. f4 Ng4 26. Qf3 Nxe5 27. dxe5 Qd5 28. Qxd5 cxd5 29. Ne3 Rh8 30. Rf1 Rfh5 31. g4 R5h6 32. Kf2 Rd8 33. Nc2 g6 34. Kg3 Rhh8 35. Nd4 a6 36. Nf3 Rd7 37. Rd1 Rc7 38. Ng5 Kc8 39. Nxh3 Kd7 40. Ng5 Ke7 41. h4 b5 42. a3 Rc4 43. Nf3 Kf8 44. Nd4 Kg7 45. Rh1 Rb8 46. f5 exf5 47. gxf5 Re8 48. Kf4 Kh6 49. f6 a5 50. Re1 Rb8 51. e6 fxe6 52. Ke5 Rc7 53. Rf1 b4 54. axb4 axb4 55. cxb4 Rf7 56. b5 Rb6 57. Rc1 g5 58. hxg5+ Kxg5 59. Nxe6+ Kg6 60. Rg1+ Kh6 61. Kf5 Kh7 62. Ng5+ Kg8 63. Nxf7+ Kxf7 64. Rg7+ Kf8 65. Rd7 Rxb5 66. Ke6 Rb6+ 1/2-1/2

[Event "CZE-chT2d 0405"]
[Site "Czech Republic"]
[Date "2004.??.??"]
[Round "3"]
[White "Jelinek, Vaclav"]
[Black "Dobes, Oldrich"]
[Result "0-1"]
[WhiteElo "2130"]
[BlackElo "2065"]
[PlyCount "55"]
[EventDate "2004.10.??"]
[EventType "team-tourn"]
[EventRounds "11"]
[EventCountry "CZE"]
[SourceTitle "EXT 2007"]
[Source "ChessBase"]
[SourceDate "2006.11.23"]
[SourceVersion "1"]
[SourceVersionDate "2006.11.23"]
[SourceQuality "1"]

1. g3 Nf6 2. Bg2 g6 3. d3 Bg7 4. Nf3 0-0 5. 0-0 d6 6. Na3 c6 7. Rb1 Nbd7 8. c4 Qc7 9. b4 Rb8 10. Bb2 a6 11. b5 e5 12. bxc6 bxc6 13. Qd2 Bb7 14. Bc3 Ba8 15. Qc2 Rxb1 16. Rxb1 Rb8 17. d4 Re8 18. c5 exd4 19. cxd6 Qxd6 20. Nc4 Qe6 21. Bxd4 c5 22. Be3 Be4 23. Qb3 Bxb1 24. Ng5 Rb8 25. Nxe6 Rxb3 26. Nxg7 Bxa2 27. Nd2 Rxe3 28. fxe3 0-1